Carbon fibres in composite materials (Record no. 32039)

MARC details
000 -LEADER
fixed length control field 00340nam a2200133Ia 4500
082 ## - DEWEY DECIMAL CLASSIFICATION NUMBER
Classification number 677.494
Item number GIL;1
100 ## - MAIN ENTRY--AUTHOR NAME
Personal name Gill, R M
245 #0 - TITLE STATEMENT
Title Carbon fibres in composite materials
260 ## - PUBLICATION, DISTRIBUTION, ETC. (IMPRINT)
Place of publication London
Name of publisher Iliffe
Year of publication 1972
650 ## - SUBJECT ADDED ENTRY--TOPICAL TERM
Topical Term Carbon fibres
650 ## - SUBJECT ADDED ENTRY--TOPICAL TERM
Topical Term Composite materials
942 ## - ADDED ENTRY ELEMENTS (KOHA)
Koha item type Books
Holdings
Withdrawn status Lost status Damaged status Not for loan Home library Current library Date acquired Cost, normal purchase price Full call number Accession Number Koha item type
        RRII Library RRII Library 16/12/2021 7.80 677.494 GIL;1 12565 Books